000 00608nam a2200169 i 4500
001 81670
003 ES-MaACL
005 20230906174503.0
007 t|
008 041105s1984 ve ||||1| spa d
245 0 0 _aRómulo Gallegos
_b: 1884-1984 /
_cInstituto Autónomo Biblioteca Nacional y de Servicios de Bibliotecas.
260 _aCaracas :
_b[s.n.],
_c1984 (
_fImp. Nacional)
300 _a61 p. :
_bil. ;
_c23 cm.
600 0 4 _aGallegos, Rómulo.
_953598
710 2 _aInstituto Autónomo Biblioteca Nacional y de Servicios de Bibliotecas (Venezuela)
_94798
852 _aES-MaACL
_j2135-F-17
_bR.108704
999 _c81670
_d81670